| 000 | 00856nam a2200193 u 4500 | ||
|---|---|---|---|
| 001 | 000265794 | ||
| 003 | AM-YeHGA | ||
| 005 | 20250618071754.0 | ||
| 008 | 030925s1958 ai r 000 0 arm d | ||
| 040 | _aAM-YeHGA | ||
| 100 | 1 |
_aԲորյան, Գուրգեն Միքայելի, _d1915-1971 _92541 |
|
| 245 | 1 | 0 |
_aՃոճանակ : _b[Բանաստեղծություններ] / _cԳ. Բորյան; Խմբ.՝ Վ. Տալյան; Նկ.՝ Ս. Սաֆարյան. |
| 260 |
_aԵրևան : _bՀայպետհրատ, _c1958. |
||
| 300 |
_a[10] էջ : _bնկ. ; _c29 սմ. |
||
| 650 | 1 | 4 |
_aՀայ մանկական գրականություն _xԲանաստեղծություններ |
| 700 | 1 |
_aՏալյան, Վարդգես Գրիգորի, _d1896-1947 _eխմբ. _4edt _91708 |
|
| 700 | 1 |
_aՍաֆարյան, Սուրեն Սարգսի, _d1923-1988 _eնկ. _4art _94035 |
|
| 090 | _c97901 | ||
| 999 |
_c96596 _d96596 |
||